Rozpočtové hospodárenie verejnej správy v rokoch 2009 až 2012 bakalárska práca

Gespeichert in:
Bibliographische Detailangaben
1. Verfasser: Kassayová, Lívia
Körperschaft: Národohospodárska fakulta EU. Katedra financií
Weitere Verfasser: Baláži, Peter
Format: Buch
Sprache:Slowakisch
Veröffentlicht: Bratislava 2011
Tags: Tag hinzufügen
Keine Tags, Fügen Sie das erste Tag hinzu!

MARC

LEADER 00000nbm a2200000 4500
001 0139910
005 20161109111653.5
041 0 |a slo 
044 |a SK 
245 1 0 |a Rozpočtové hospodárenie verejnej správy v rokoch 2009 až 2012  |b bakalárska práca  |c Lívia Kassayová ; školiteľ: Peter Baláži 
264 1 |a Bratislava  |c 2011 
300 |a 44 s. 
100 1 |a Kassayová, Lívia 
700 1 |a Baláži, Peter 
710 2 |a Národohospodárska fakulta EU. Katedra financií